| 000 -GUIDE |
| Champ de contrôle de longueur fixe |
00966nam a22002537a 4500 |
| 003 - IDENTITÉ DU NUMÉRO DE CONTRÔLE |
| Champ de contrôle |
BI-BuBU |
| 008 - ÉLÉMENTS DE LONGUEUR FIXE - RENSEIGNEMENTS GÉNÉRAUX |
| Champ de contrôle de longueur fixe |
101118t fr ||||dr|||| 000 0 fre d |
| 020 ## - INTERNATIONAL STANDARD BOOK NUMBER |
| ISBN |
9782760515215 |
| 037 ## - SOURCE D'ACQUISITION |
| Source d'acquisition et du numéro d'inventaire |
Achat |
| 039 ## - NIVEAU DE CONTRÔLE BIBLIOGRAPHIQUE ET HISTORIQUE D'ENCODAGE [OBSOLETE] |
| Date creation |
bb |
| 040 ## - SOURCE DU CATALOGAGE |
| Organisme qui a effectué le catalogage original |
BI-BuBU |
| Code de la langue utilisée dans le catalogage |
fre |
| Organisme qui a effectué la transcription |
BI-BuBU |
| 080 ## - INDICE DE LA CLASSIFICATION DÉCIMALE UNIVERSELLE (CDU) |
| Indice de la Classification décimale universelle |
532. |
| 100 1# - VEDETTE PRINCIPALE - NOM DE PERSONNE |
| Code de relation |
aut. |
| Nom de personne |
Bennis, Saad |
| 245 1# - MENTION DU TITRE |
| Titre |
Hydraulique et hydrologie |
| Mention de responsabilité, etc. |
Saad Bennis |
| 250 ## - MENTION D'ÉDITION |
| Mention d'édition |
2è éd. rev. et augm. |
| 260 ## - PUBLICATION, DIFFUSION, ETC. (ADRESSE BIBLIOGRAPHIQUE) |
| Lieu de publication, diffusion, etc. |
Québec |
| Nom de l'éditeur, diffuseur, etc. |
Ecole de technologie supérieure |
| -- |
Presses de l'Université du Québec |
| Date of publication, distribution, etc |
2009 |
| 300 ## - DESCRIPTION MATÉRIELLE |
| Collation |
XVII-451 p. |
| Autres caractéristiques matérielles |
couv. ill. en coul. |
| Dimensions |
25 cm. |
| 650 #7 - VEDETTE-MATIÈRE - NOM COMMUN |
| Source du terme |
BI-BuBU |
| Vedette de sujet ou vedette comportant un nom géographique |
Hydraulique |
| 9 (RLIN) |
27184 |
| 650 #7 - VEDETTE-MATIÈRE - NOM COMMUN |
| Source du terme |
BI-BuBU |
| Vedette de sujet ou vedette comportant un nom géographique |
Hydrologie |
| 9 (RLIN) |
27185 |
| 942 ## - ÉLÉMENTS D'ENTRÉE ADDITIONNELLE (KOHA) |
| Source de la classification ou du système de rangement |
|
| Type d item koha |
BOOK |